000 00464nam a2200181Ia 4500
001 45583
008 140428s9999 xx 000 0 und d
020 _aNA
040 _cPK-LaUMT
082 _a 954.04
_bLOH-G
100 _aLohia, Ram Manohar
245 _aGuilty men of India's partition
_cLohia, Ram Manohar
260 _aNew Delhi,India:
_bRupa Company,
_c2008
300 _a108 p.
546 _aEN
650 _aPartition-Pakistan and India
942 _cBK
999 _c43551
_d43551